000
00229 a2200109 4500
001
76711
090
_c
39230
_d
39230
100
_a
Halshaw Hall
245
_a
Non Destructive testing, 2/e
250
_a
2
260
_a
UK
_b
ELBS
942
_a
NUST-CAE
_k
620.1127 HAL
999
_c
311784
_d
311784